[Event "Syre Memorial op 36th"]
[Site "Issy les Moulineaux"]
[Date "2013.05.12"]
[Round "6"]
[White "Guliyev, Namig"]
[Black "Payen, Arnaud"]
[Result "1-0"]
[WhiteElo "2550"]
[BlackElo "2330"]
[Annotator "Payen,A/Primel,D"]
[PlyCount "69"]
[EventDate "2013.05.08"]
[EventType "swiss"]
[EventRounds "7"]
[EventCountry "FRA"]
[SourceTitle "EXT 2015"]
[Source "ChessBase"]
[SourceDate "2014.11.20"]
[SourceVersion "1"]
[SourceVersionDate "2014.11.20"]
[SourceQuality "1"]

1. e4 {Une partie pour la première place du tournoi. Dommage que la double
ronde fasse grandement baisser la qualité de la partie.} e5 2. Nf3 Nc6 3. Bb5
a6 4. Ba4 Nf6 5. O-O Be7 6. Re1 b5 7. Bb3 d6 (7... O-O {Laisse planer la
menace du gambit} 8. a4 b4 9. c3 d6 (9... d5)) 8. c3 O-O 9. d4 (9. h3 {[%csl
Gd4] La grande ligne de la défense Tchigorine} Na5 (9... Nd7 10. d4 Bf6 11. a3
Nb6 12. Be3 Rb8 13. Nbd2 a5 14. d5 {Inarkiev,E (2695)-Brodsky,M (2558) RUS-chT
19th 2012 (2) 1-0} (14. a4 exd4 15. cxd4 bxa4 16. Bxa4 Nxa4 17. Qxa4 Bd7 $13 {
Inarkiev Inf 114})) 10. Bc2 c5 11. d4 Qc7 12. Nbd2 (12. d5) 12... cxd4 (12...
Kh8 13. b4 cxb4 14. cxb4 {Smyslov,V-Filip,M Candidates Tournament 1956 (14) 1-0
})) 9... Bg4 10. d5 (10. Be3 exd4 (10... Nxe4 $143 $6 11. Bd5 Qd7 12. Bxe4 d5
13. Bc2 (13. Bxh7+) 13... e4 14. h3 Bh5 15. Ne5 $36 {Gunsberger,A-Bednarski,J
WchT U26 06th 1959 (3) 0-1}) 11. cxd4 Na5 (11... d5 12. e5 Ne4 {Grischuk,A 
(2710)-Short,N (2674) Corus Wijk aan Zee 2005 (2) 1/2}) 12. Bc2 c5 13. dxc5
dxc5 14. Nbd2 Nd7 15. Qb1 Re8 (15... Nc6 16. e5 h6 17. Be4 Rc8 (17... Qc7 $142
{[%cal Ga8d8] Matsukevich}) 18. Bf5 Bxf5 19. Qxf5 Ncb8 20. Ne4 Qb6 21. Rad1 $14
{Panchenko,A (2475)-Timoscenko,G (2440) URS-ch sf Irkutsk 1983 1-0})) 10... Na5
11. Bc2 {89} c6 {88 La réaction thématique dans cette variante} (11... Qc8
12. h3 (12. Nbd2) 12... Bd7 13. Nbd2 c6) 12. h3 Bxf3 (12... Bc8 {Plus courant}
13. dxc6 Qc7 14. Nbd2 Qxc6 15. Nf1 (15. a4) 15... Nc4 16. Ng3 Re8 17. a4 Be6
18. Ng5 Bd7 19. b3 {Gashimov,V (2740)-Roiz,M (2658) EU-chT (Men) 17th 2009 (4)
1-0}) 13. Qxf3 cxd5 14. exd5 Nc4 15. a4 {89} (15. Nd2 Nb6 16. Nf1 Nbxd5 17. Ng3
Re8 18. Bb3 Nb6 19. Nf5 Qd7 20. Bg5 e4 21. Nxe7+ Qxe7 22. Bxf6 Qxf6 23. Rxe4
Qxf3 24. gxf3 d5 25. Rd4 Re2 26. Bxd5 Nxd5 27. Rxd5 Rxb2 28. a4 Rc8 29. axb5
Rxb5 30. Rxb5 axb5 31. Rb1 {1/2-1/2 (31) Mastrovasilis,D (2618)-Stevic,H (2614)
Istanbul 2012}) 15... Nb6 {[%cal Gb6a4,Gb6d5,Gf6d5] 82} 16. Rd1 {87} Nxa4 {
71 Regagne la paire deB mais la faiblesse "a6" donne une petite initiative aux
Blancs} 17. Bxa4 bxa4 18. c4 $146 {[%cal Gb1c3,Gc3a4] 86 Les Blancs jouent
trés vite l'ouverture mais la nouveauté est un coup candidat naturel} (18.
Rxa4 Nd7 19. Qe2 a5 20. Nd2 Nb6 21. Ra3 Qc7 22. c4 Rfc8 23. Rc3 Na4 24. Ra3 Nb6
25. h4 f5 26. h5 Bg5 27. Rc3 Na4 28. Rh3 Rab8 29. b3 Nc5 30. Ba3 Bxd2 31. Bxc5
Qxc5 32. Qxd2 f4 33. Ra1 Rb4 34. Qd1 h6 35. Rc3 Rf8 36. Qd3 Kh8 37. Rc2 Qb6 38.
Ra3 e4 39. Qxe4 Rxb3 40. Qe7 Rg8 41. Rxb3 Qxb3 42. Rc1 Qa3 43. Re1 a4 44. Re6
Qd3 45. Qxd6 Qd1+ 46. Kh2 Qxh5+ 47. Kg1 Qd1+ {Kamsky,G (2720)-Ivanov,A (2516)
Philadelphia 2009 1/2-1/2}) 18... Qb8 {66} (18... Nd7 $142 $1 {[%cal Gd7c5] Un
ordre de coups plus précis} 19. Nc3 Qc7 {[%csl Rc4] Le plan de Kamsky de
jouer Nd2 avait le mérite de protéger la faiblesse "c4"} (19... Nc5 20. Nxa4
{[%cal Ga4c5] Avec l'idée d'échanger le meilleur défenseur des Noirs})) (
18... Qc7 $5 {[%cal Gc7c4]} 19. Rxa4 Nd7 20. Qa3 Nc5 21. Rb4 f5) 19. Rxa4 {
85 Continuant de jouer quasiment à tempo!} (19. Nc3 $5 Nd7 20. Nxa4 Qb4 (20...
Nc5 21. Nxc5) 21. b3 f5 (21... Nc5 22. Ba3) 22. Ba3 {[%csl Rd6]} Qb7 23. Qe3)
19... Rc8 {66} 20. Qa3 $1 {[%csl Ra6][%cal Gb2b4,Ga3b2] Un fort coup
multi-fonction} Qb7 (20... a5 $5 {[%cal Gb8b6,Gf6d7,Gd7c5]} 21. Rxa5 Rxa5 22.
Qxa5 Rxc4 $132) 21. Nc3 Nd7 22. Be3 {83} f5 {50} 23. Ra1 $6 {81} (23. f3 f4 24.
Bf2 $14 {[%csl Ge4,Gf2][%cal Gc3e4,Gb2b4,Gc4c5]}) 23... f4 {48} 24. Bc1 $6 (24.
Bd2 Nc5 25. Rb4) 24... f3 $4 {Aprés 15 min de réflexion. Guliyev avait joué
tellement vite depuis le début de la partie que j'ai décidé de jouer un
coup impulsif alors que j'avais toutes les cartes en mains! Il faut dire que
j'avais joué le matin 4h45 contre Onkoud et que la forme sportive n'était
pas au top.} (24... Nc5 $8 25. Rb4 Qa7 $1 {[%csl Rf2,Rg1][%cal Ga7g1]} 26. Nd1
(26. Na4 {[%cal Ga4b6,Gb6c8,Gb6a8] Le coup qui m'a fait peur!} Bh4 $1 27. Nb6
Bxf2+ $1 28. Kxf2 Rcb8 29. Nxa8 Rxb4 $19 {[%csl Ra3][%cal Gc5d3,Ga7f2]}) 26...
a5 27. Rb5 a4 $17) (24... a5 $5 25. Rxa5 Rxa5 26. Qxa5 Rxc4 $132 {[%csl Rb2,
Rd5]}) 25. Rxa6 {81} Nb6 {30} (25... Rxa6 26. Qxa6 Qxa6 27. Rxa6 Rxc4 28. Ra7
$18) 26. Ra7 $1 Rxa7 27. Qxa7 {78} Rc7 {23} 28. Qxb7 Rxb7 29. b3 $18 fxg2 30.
Be3 Nd7 {J'ai très mal joué la fin mais c'était déjà sans importance.} 31. Ra7
Rxa7 32. Bxa7 Nc5 33. b4 Nb3 34. Ne4 Kf7 35. Bb8 1-0

[Event "Rohde op 09th"]
[Site "Sautron"]
[Date "2009.10.30"]
[Round "8"]
[White "Delorme, Axel"]
[Black "Maiorov, Nikita"]
[Result "1/2-1/2"]
[WhiteElo "2442"]
[BlackElo "2513"]
[Annotator "RR"]
[PlyCount "86"]
[EventDate "2009.10.24"]
[EventType "swiss"]
[EventRounds "9"]
[EventCountry "FRA"]
[SourceTitle "EXT 2010"]
[Source "ChessBase"]
[SourceDate "2010.11.25"]
[SourceVersion "1"]
[SourceVersionDate "2010.11.25"]
[SourceQuality "1"]
[TimeControl "6000"]

1. e4 e5 2. Nf3 Nc6 3. Bb5 a6 4. Ba4 Nf6 5. O-O Be7 6. Re1 d6 7. c3 Bg4 8. d4
b5 9. Bb3 O-O 10. d5 Na5 11. Bc2 Qc8 $5 (11... c6) 12. h3 Bd7 13. Nbd2 c6 14.
dxc6 Qxc6 15. Nf1 Nc4 16. a4 ({RR} 16. Ng3 Rfe8 17. a4 h6 18. b3 Na5 19. Bd2
Qc7 20. axb5 axb5 21. Nh4 Nc6 22. Nhf5 Rxa1 23. Qxa1 Bf8 24. Bd3 Nd8 25. c4 Ne6
26. cxb5 Nc5 27. Bc4 Bxf5 28. Nxf5 Ncxe4 29. Bb4 Qb6 30. Ne3 d5 {Kamsky,G 
(2720)-Svidler,P (2726)/Nalchik 2009/Mega2009 Update 16/1-0 (74)}) 16... Qc7
$146 ({RR} 16... Rfc8 17. b3 Na5 18. Bd2 Qb7 19. axb5 axb5 20. Ne3 g6 21. Nd5
Bd8 22. Nh2 Nxd5 23. exd5 f5 24. Nf3 Qxd5 25. c4 bxc4 26. Bxa5 Qxd1 27. Rexd1
Bxa5 28. Nxe5 dxe5 29. Rxd7 c3 30. Rb7 Bd8 31. Rxa8 {Wedberg,T (2425)
-Westerinen,H (2465)/Malmo 1979/EXT 1998/0-1 (38)}) 17. Ng3 g6 $11 18. b3 Na5
19. axb5 axb5 20. Bd2 Rfb8 21. Qe2 Bf8 22. Ra2 Nb7 23. Rxa8 (23. Rea1 Rxa2 24.
Rxa2 Nc5) 23... Rxa8 24. b4 Nd8 25. Bd3 Qb7 26. c4 Ne6 27. cxb5 Nc7 28. Bc4
Bxb5 29. Ng5 Bxc4 30. Qxc4 Nb5 31. Rc1 Rb8 32. h4 Qd7 33. h5 Nxh5 34. Nxh5 gxh5
35. f4 (35. Ra1) 35... h6 36. Nf3 exf4 37. Bxf4 Qg4 38. Bh2 h4 39. e5 h5 40.
Qxg4+ hxg4 41. Nxh4 dxe5 (41... d5) 42. Bxe5 Re8 43. Bg3 Bxb4 1/2-1/2

[Event "POL-chT 66th"]
[Site "Katowice"]
[Date "2010.09.04"]
[Round "1"]
[White "Chojnacki, Krzysztof"]
[Black "Tazbir, Marcin"]
[Result "1/2-1/2"]
[WhiteElo "2431"]
[BlackElo "2523"]
[Annotator "RR"]
[PlyCount "83"]
[EventDate "2010.09.04"]
[EventType "team-tourn"]
[EventRounds "9"]
[EventCountry "POL"]
[SourceTitle "EXT 2016"]
[Source "ChessBase"]
[SourceDate "2015.10.08"]
[SourceVersion "1"]
[SourceVersionDate "2015.10.08"]
[SourceQuality "1"]
[WhiteTeam "Poznan Pocztowiec"]
[BlackTeam "Wroclaw"]
[WhiteTeamCountry "POL"]
[BlackTeamCountry "POL"]

1. e4 e5 2. Nf3 Nc6 3. Bb5 a6 4. Ba4 Nf6 5. O-O Be7 6. Re1 b5 7. Bb3 O-O 8. d4
(8. c3 d6 9. h3 {Evite Bg4 qui sera joué dans la partie}) 8... d6 9. c3 Bg4 {
La ligne critique} 10. Be3 (10. d5 Na5 11. Bc2 c6 (11... Qc8)) 10... exd4 11.
cxd4 Na5 (11... d5 $5 12. e5 Ne4 13. Nc3 Nxc3 14. bxc3 Qd7 15. h3 Bh5 16. g4
Bg6 17. Bg5 Bxg5 18. Nxg5 Nd8 19. f4 Ne6 20. Qf3 Nxg5 21. fxg5 $14 {[%cal
Gh3h4,Gh4h5];Polzin,R (2473)-Pavasovic,D (2574) AUT-chT 0910 2009 (7.2) 1/2})
12. Bc2 c5 13. Nbd2 cxd4 14. Bxd4 Nc6 15. Be3 d5 16. exd5 (16. h3 Bh5 17. exd5
Nxd5 $132) 16... Qxd5 17. h3 $146 (17. Qe2 Rae8 18. h3 {Moller,L (2315)-Hjort,
H (2200) Vejle op 1974 (4) 1-0}) 17... Bh5 18. Bb3 (18. g4) 18... Qd6 19. Rc1
Rac8 20. Bc5 Qd7 21. Bxe7 Nxe7 22. Ne4 $1 Qxd1 23. Nxf6+ gxf6 24. Rcxd1 Nc6 (
24... Bxf3 25. gxf3) 25. Rd6 Bxf3 26. gxf3 {Une curieuse symétrie
structurelle à l'aile-roi mais le B doit dominer le N dans cette position
ouverte} Kg7 27. Kh1 {[%cal Ge1g1]} (27. Re4 {[%cal Ge4g4]} Ne5) (27. Kh2 $6
Ne5 {[%csl Rf3]}) 27... Na5 $1 {[%cal Ga5b3,Ga5c4,Gc4b2]} 28. Rg1+ Kh8 29. Bd5
Rcd8 {"Toutes les finales de R sont nulles" et les Noirs font confiance à cet
adage en sacrifiant un P} 30. Rxa6 Rxd5 31. Rxa5 Re5 32. Rg4 f5 33. Rg5 h6 34.
Rg1 Rfe8 35. f4 Re2 36. Rxb5 Rxf2 37. Rb6 Kh7 38. Rb7 Ree2 39. Rxf7+ Kh8 40.
Rf8+ Kh7 41. Rf7+ Kh8 42. Rf8+ 1/2-1/2

[Event "Cappelle op 31st"]
[Site "Cappelle la Grande"]
[Date "2015.02.28"]
[Round "1"]
[White "Areshchenko, Alexander"]
[Black "Sepp, Olav"]
[Result "1-0"]
[WhiteElo "2661"]
[BlackElo "2411"]
[Annotator "RR"]
[PlyCount "89"]
[EventDate "2015.02.28"]
[EventType "swiss"]
[EventRounds "9"]
[EventCountry "FRA"]
[SourceTitle "EXT 2016"]
[Source "ChessBase"]
[SourceDate "2015.10.08"]
[SourceVersion "1"]
[SourceVersionDate "2015.10.08"]
[SourceQuality "1"]

1. e4 e5 2. Nf3 Nc6 3. Bb5 Nf6 4. d3 d6 5. O-O Be7 6. c3 O-O 7. Re1 a6 8. Ba4
b5 9. Bc2 Re8 10. Nbd2 Bf8 11. d4 h6 {Une ligne secondaire mais comme il
s'agissait d'une première ronde, ce n'tait probablement pas une préparation
des Noirs} (11... Bb7 12. d5 (12. a4) 12... Ne7 13. c4 c6 14. b3 Rc8 15. Nf1
Qc7 16. Ne3 cxd5 17. cxd5 Ng4 18. Nxg4 Qxc2 19. Qxc2 Rxc2 20. Ne3 Rc7 21. Ba3
Rd7 22. Nd2 g6 23. Bb4 f5 24. f3 Bh6 25. Ndf1 Rf8 26. Bd2 fxe4 27. fxe4 Bc8 28.
a4 Kg7 29. axb5 axb5 30. Ra5 Ng8 31. Ng3 Bf4 32. Ne2 Bxe3+ 33. Bxe3 Nf6 34. Ng3
h5 35. Bg5 Nh7 36. Be3 Nf6 37. Bg5 Nh7 38. Bd2 h4 39. Nh1 Rc7 40. Rc1 Rcf7 41.
Ra8 {Baklan,V (2636)-Amin,B (2628) Saint Quentin 2014 1/2-1/2}) 12. a4 Bb7 13.
d5 Ne7 (13... Nb8 $5 {[%cal Gb8d7,Gc7c6]}) 14. b3 c6 {La position Noire est un
peu passive} 15. c4 $1 bxc4 16. bxc4 a5 17. Nf1 (17. Rb1 Ba6) 17... Ba6 18. Ne3
Qd7 $146 (18... Qc7 19. Ba3 Nc8 20. Nd2 Nb6 21. Rc1 Rec8 22. Bb3 Nbd7 23. dxc6
Qxc6 24. Nd5 Rab8 25. Nc3 Nc5 26. Bc2 Nfd7 27. Nb5 Ra8 28. Nf1 Nb6 29. Ne3 Qd7
30. Rb1 Qe6 31. Nd5 Nxd5 32. cxd5 Qd7 33. Qd2 Be7 34. Qxa5 Bxb5 35. Qxb5 Qxb5
36. Rxb5 Nxa4 37. Bxa4 Rxa4 38. Rb3 Rc2 39. g3 g6 40. Kf1 Rcc4 41. f3 h5 {
1/2-1/2 (41) Timofeev,A (2661)-Jakovenko,D (2627) Kazan 2005}) 19. h3 Ng6 20.
Bd2 cxd5 21. exd5 e4 $6 (21... Nf4 22. Bxa5) (21... Qc7 $142 {[%cal Gc7a5]})
22. Nd4 $16 Ne5 23. Nb5 Rac8 24. Qe2 $1 Qd8 25. Bc3 g6 26. Qd2 $1 Nxc4 27. Nxc4
Rxc4 28. Bb3 $44 Bxb5 29. Bxa5 Qe7 (29... Qd7 30. axb5 Qxb5 31. Bxc4 Qxc4 32.
Red1 Re5 33. Rac1 Qxd5 34. Qxd5 Nxd5 $132) 30. axb5 Rc5 31. b6 Bg7 32. Rac1 Nd7
33. Ba4 Rec8 $2 34. Bc6 $1 {La paire de B est trop forte} Rxc1 35. Rxc1 $18 Ne5
36. Qe3 Nd3 37. Rc4 Nc5 38. Bb4 f5 39. Bxc5 dxc5 40. b7 Rb8 41. Qxc5 Qxc5 42.
Rxc5 Be5 43. Rb5 Kf8 44. Bd7 Ke7 45. Bc8 1-0

[Event "Rohde op 07th"]
[Site "Sautron"]
[Date "2007.11.03"]
[Round "9"]
[White "Friedel, Joshua E"]
[Black "Hetey, Laszlo"]
[Result "1-0"]
[WhiteElo "2477"]
[BlackElo "2359"]
[Annotator "RR"]
[PlyCount "89"]
[EventDate "2007.10.27"]
[EventType "swiss"]
[EventRounds "9"]
[EventCountry "FRA"]
[SourceTitle "EXT 2008"]
[Source "ChessBase"]
[SourceDate "2007.11.25"]
[SourceVersion "1"]
[SourceVersionDate "2007.11.25"]
[SourceQuality "1"]

1. e4 e5 2. Nf3 Nc6 3. Bb5 a6 4. Ba4 Nf6 5. O-O Be7 6. Re1 b5 7. Bb3 O-O 8. d4
d6 9. c3 Bg4 10. d5 Na5 11. Bc2 c6 12. h3 Bd7 {1h28} 13. Nxe5 dxe5 14. d6 Nb7 (
{RR} 14... Bxd6 15. Qxd6 Nc4 16. Qd1 Be6 17. b3 Nb6 18. Bg5 Qxd1 19. Rxd1 a5
20. Nd2 a4 21. Nf3 Nfd7 22. Be3 axb3 23. axb3 Rxa1 24. Rxa1 f6 25. Ne1 Ra8 26.
Rd1 Kf7 27. Nd3 Ra3 28. Rb1 Nc8 29. Bc1 {Tseshkovsky,V (2570)-Smyslov,V (2575)/
Lvov 1978/MCL/0-1 (87)}) 15. dxe7 Qxe7 16. Bg5 Rfd8 $146 ({RR} 16... Nd8 17.
Bxf6 gxf6 18. Nd2 Ne6 19. Nf1 Ng7 20. Ne3 Be6 21. Qf3 Rfd8 22. Red1 Rxd1+ 23.
Rxd1 Rd8 24. Bb3 Rxd1+ 25. Qxd1 f5 26. exf5 Nxf5 27. Bxe6 fxe6 28. Qg4+ Ng7 29.
h4 h5 30. Qe4 Qd6 31. Qg6 {Belov,V (2532)-Ovetchkin,R (2475)/
chessassistantclub.com INT 2004/CBM 104 ext/0-1 (55)}) 17. Nd2 h6 18. Be3 c5
19. Qe2 Bc6 20. a4 c4 21. Bb6 $1 Rdc8 $6 (21... Re8 $5 {[%cal Ga8d8] Les
blancs vont ensuite profiter du manque d'espace des pièces noires et Re8
laissant des cases de développement а l'autre R était peut-être préférable.})
22. Qe3 Nd7 23. axb5 axb5 24. Ba7 $1 {[%csl Ra8]} Nbc5 25. Ra5 $1 {le début
d'un plan trés fort: le MI va doubler les R sur la colonne "a", le Ba7 sert а
contrôler la case b8 pour empêcher Rab8} Ne6 26. Rea1 Nf4 27. Nf3 $1 {[%csl
Ra8] L'avantage d'espace des blancs permet de jouer sur les deux ailes.} Qf6
28. Kh2 g5 29. g3 Ne6 30. Ng1 {[%cal Gg1e2,Gf2f4]} Kg7 31. Ne2 h5 32. b4 cxb3
33. Bxb3 {[%cal Gb3e6]} Ndf8 34. Bd5 $1 Bxd5 35. exd5 Nc7 36. c4 $1 bxc4 37.
Nc3 {[%csl Rf6][%cal Gc3e4]} Ng6 $2 (37... g4) 38. Ne4 $1 Qd8 (38... Qf5 39.
Nd6 {[%cal Gd6f5,Gd6c8]} Qd7 40. Nxc8) 39. d6 Ne6 40. Bb6 Rxa5 41. Bxd8 Rxa1
42. Bf6+ Kg8 43. d7 Rc7 44. Bxe5 c3 45. Nf6+ 1-0

[Event "Vandoeuvre op 11th"]
[Site "Vandoeuvre"]
[Date "2014.12.29"]
[Round "9"]
[White "Dourerassou, Jonathan"]
[Black "Skembris, Spyridon"]
[Result "1/2-1/2"]
[WhiteElo "2469"]
[BlackElo "2420"]
[Annotator "RR"]
[PlyCount "76"]
[EventDate "2014.12.26"]
[EventType "swiss"]
[EventRounds "9"]
[EventCountry "FRA"]
[SourceTitle "EXT 2017"]
[Source "ChessBase"]
[SourceDate "2016.10.25"]
[SourceVersion "1"]
[SourceVersionDate "2016.10.25"]
[SourceQuality "1"]

1. e4 e5 2. Nf3 Nc6 3. Bb5 a6 4. Ba4 Nf6 5. O-O Be7 6. Re1 b5 7. Bb3 d6 8. c3
O-O 9. d4 {Avec 5/8, les deux adversaires devaient jouer pour le gain dans
cette dernière ronde et le français choisit une variante plus risquée que
la ligne principale 9.h3} (9. h3) 9... Bg4 10. Be3 exd4 (10... d5 11. exd5 exd4
12. Bxd4 Nxd4 13. cxd4) 11. cxd4 Na5 12. Bc2 Nc4 (12... c5 13. h3) 13. Bc1 c5
14. b3 Na5 (14... Nb6 15. Bb2 Rc8 16. Nbd2 Nfd7) 15. Bb2 (15. d5 Nd7 {Fischer,
R-Kortschnoj,V Stockholm Interzonal 1962 (19) 1-0}) 15... Nc6 16. e5 $1 (16. d5
$143 Nb4 {Gagne la paire de B et les Noirs égalisent facilement}) 16... dxe5
17. dxe5 Qxd1 18. Rxd1 (18. Bxd1 Nd5) 18... Nd7 19. h3 Be6 20. Be4 Rac8 21. Nc3
Ndxe5 $146 (21... Ncxe5 22. Nxe5 Nxe5 23. f4 b4 24. fxe5 bxc3 25. Bxc3 c4 26.
b4 Rb8 27. a3 h5 28. Ra2 Rfd8 29. Rad2 Rxd2 30. Rxd2 Kf8 31. Kf2 Rb6 32. Bf3 g6
33. Rd1 Rb5 34. Bc6 Rb8 35. Ke2 Rb6 36. Bd5 Rb8 37. Bxe6 fxe6 38. Rd7 Rc8 39.
Ke3 Rc6 40. Kd4 Ke8 41. Rb7 g5 42. Rb8+ Kd7 43. Rh8 h4 44. Rg8 Bd8 45. Bd2 Bb6+
46. Kc3 Bf2 47. Bxg5 Be1+ 48. Kc2 Rc8 49. Rxc8 Kxc8 50. Bd2 Bg3 51. Kc3 {
Cipka,I (2282)-Korchut,A (2162) ICCF email 2007 1-0 (68)}) 22. Nxe5 Nxe5 23. f4
(23. Nxb5 axb5 24. Bxe5 c4 25. bxc4 bxc4 26. a4 c3 $44) 23... f5 24. Bb7 Rb8
25. Bxa6 {Gagne un P mais le B est assez exposé} Ng6 26. Re1 (26. Nxb5) (26.
g3) 26... Bf7 27. Bxb5 Bf6 $44 {[%cal Gf6c3,Gb8b5]} 28. Bf1 c4 {[%cal Gb8b2]} (
28... Bd4+) 29. Na4 Bxb2 30. Nxb2 cxb3 31. axb3 Nxf4 (31... Rxb3) 32. Nc4 Rxb3
33. Nd6 Rb6 34. Nxf5 Rf6 35. Nd4 Rd6 36. Nf5 Rf6 37. Nd4 Rd6 38. Nf5 Rf6
1/2-1/2

[Event "Reggio Emilia Top15 33rd"]
[Site "Reggio Emilia"]
[Date "1991.??.??"]
[Round "?"]
[White "Gulko, Boris F"]
[Black "Beliavsky, Alexander G"]
[Result "1/2-1/2"]
[WhiteElo "2575"]
[BlackElo "2640"]
[Annotator "Schussler,H"]
[PlyCount "125"]
[EventDate "1991.01.??"]
[EventType "tourn"]
[EventRounds "14"]
[EventCountry "ITA"]
[EventCategory "15"]
[SourceTitle "CBM 022"]
[Source "ChessBase"]
[SourceDate "1991.06.01"]
[SourceVersion "1"]
[SourceVersionDate "1991.06.01"]
[SourceQuality "1"]

1. e4 e5 2. Nf3 Nc6 3. Bb5 a6 4. Ba4 Nf6 5. O-O Be7 6. Re1 b5 7. Bb3 d6 8. c3
O-O 9. d4 Bg4 10. Be3 Na5 11. dxe5 Bxf3 12. Qxf3 dxe5 13. Bc2 Nc4 14. Bc1 Bc5
$5 (14... Qd7 15. h3 Qe6 16. Bb3 Qc6 $14) 15. b3 Nd6 16. Be3 Bxe3 17. Qxe3 Qd7
18. Nd2 Qc6 19. b4 a5 20. Bb3 Rfd8 21. Nf3 a4 22. Bd5 Nxd5 23. exd5 Qxd5 24.
Qxe5 $10 Qc6 $5 25. Qc5 Qxc5 26. bxc5 Nc4 27. Re7 Rac8 28. Rae1 Kf8 29. Ng5 f6
30. Rf7+ Kg8 31. f4 Rf8 $5 {31. - fxg5 32.Ree7 =} 32. Rxf8+ Kxf8 33. Ne6+ Kf7
34. Nd4 c6 35. Kf2 Nb2 36. Kf3 Nd3 37. Re6 Nxc5 38. Rxc6 Rxc6 39. Nxc6 Ke6 40.
Nb4 Kd6 41. Ke3 Ne6 42. f5 Nd8 43. Kd4 Nf7 44. c4 bxc4 45. Kxc4 Nh6 46. Nc2
Nxf5 47. Kb4 g5 48. Kxa4 Nh4 49. Ne1 Kc5 50. Kb3 f5 51. Kc3 h6 52. g3 Ng6 53.
a4 Kb6 54. Kd4 Ka5 55. Nd3 Kxa4 56. Ne5 Nh8 57. Kd5 Kb3 58. Ke6 f4 59. gxf4
gxf4 60. Kf5 Kc3 61. Kxf4 Kd4 62. h4 h5 63. Kf5 1/2-1/2

[Event "Reggio Emilia Top15 33rd"]
[Site "Reggio Emilia"]
[Date "1991.??.??"]
[Round "?"]
[White "Gulko, Boris F"]
[Black "Romanishin, Oleg M"]
[Result "1-0"]
[WhiteElo "2575"]
[BlackElo "2610"]
[Annotator "Schussler,H"]
[PlyCount "97"]
[EventDate "1991.01.??"]
[EventType "tourn"]
[EventRounds "14"]
[EventCountry "ITA"]
[EventCategory "15"]
[SourceTitle "CBM 022"]
[Source "ChessBase"]
[SourceDate "1991.06.01"]
[SourceVersion "1"]
[SourceVersionDate "1991.06.01"]
[SourceQuality "1"]

1. e4 e5 2. Nf3 Nc6 3. Bb5 a6 4. Ba4 Nf6 5. O-O Be7 6. Re1 b5 7. Bb3 d6 8. c3
O-O 9. d4 Bg4 10. Be3 Bh5 $5 (10... Nxe4 $2 {10. - Re8, 10. - Na5, 10. - d5,
10. - exd4 11.cxd4 Na5} 11. Bd5 Qd7 12. Bxe4 d5 13. Bxh7+ Kxh7 14. dxe5 $18)
11. h3 Bg6 12. Nbd2 Nxe4 13. Bd5 Nxd2 14. Bxd2 Qd7 15. dxe5 dxe5 16. Bxc6 Qxc6
17. Nxe5 Qd6 18. Bf4 Qf6 19. Bg3 Rfe8 20. Nxg6 hxg6 21. Bxc7 Bc5 22. Qd2 Re7
23. Bg3 Rae8 24. Rxe7 Qxe7 25. Rd1 b4 26. cxb4 Bxb4 27. Qc2 Qe6 28. a3 Be7 29.
b4 Rc8 30. Qb1 Bf6 31. Rc1 Rd8 32. Qc2 Bg5 33. Rd1 Rc8 34. Qd3 Bf6 35. a4 Rc3
36. Qd5 Rc1 37. Kh2 Rxd1 38. Qxd1 Be7 39. b5 axb5 40. axb5 Bc5 41. Qd8+ Kh7 42.
Qc7 Bd4 43. Qd6 Qxd6 44. Bxd6 Bxf2 45. Bc7 Be1 46. b6 Ba5 47. Bd8 Bb4 48. Bh4
f5 49. Bg3 1-0

[Event "Sochi-A"]
[Site "Sochi"]
[Date "1989.??.??"]
[Round "?"]
[White "Ulybin, Mikhail"]
[Black "Chiburdanidze, Maia"]
[Result "1/2-1/2"]
[WhiteElo "2495"]
[BlackElo "2495"]
[Annotator "Schussler,H"]
[PlyCount "66"]
[EventDate "1989.01.??"]
[EventType "tourn"]
[EventRounds "15"]
[EventCountry "URS"]
[EventCategory "10"]
[SourceTitle "CBM 016"]
[Source "ChessBase"]
[SourceDate "1990.06.01"]
[SourceVersion "1"]
[SourceVersionDate "1990.06.01"]
[SourceQuality "1"]

1. e4 e5 2. Nf3 Nc6 3. Bb5 a6 4. Ba4 Nf6 5. O-O Be7 6. Re1 b5 7. Bb3 d6 8. c3
O-O 9. d4 Bg4 10. d5 Na5 11. Bc2 c6 12. h3 Bc8 13. dxc6 Qc7 14. Nbd2 Qxc6 15.
Nf1 Nc4 16. Ng3 Re8 17. a4 g6 18. b3 Nb6 19. a5 Nbd7 20. Bd2 Nf8 (20... Bb7 21.
b4 d5 22. exd5 $14 {King-Van der Wiel, Palma de Mallorca (GMA) 1989. White
continues with 23. Bb3 and enjoys a slight initiative.}) 21. Bd3 Be6 22. Ng5 d5
23. Nxe6 Nxe6 24. exd5 Qxd5 25. Bh6 Red8 26. Bf1 Qc6 27. Qc1 Rac8 28. c4 b4 29.
Rxe5 Nd7 30. Rd5 Ndc5 31. Qd1 Bf6 32. Ra2 Nd4 33. Qe1 Rxd5 1/2-1/2

[Event "Sochi-A"]
[Site "Sochi"]
[Date "1989.??.??"]
[Round "?"]
[White "Kholmov, Ratmir D"]
[Black "Goldin, Alexander"]
[Result "1-0"]
[WhiteElo "2485"]
[BlackElo "2525"]
[Annotator "Schussler,H"]
[PlyCount "165"]
[EventDate "1989.01.??"]
[EventType "tourn"]
[EventRounds "15"]
[EventCountry "URS"]
[EventCategory "10"]
[SourceTitle "CBM 016"]
[Source "ChessBase"]
[SourceDate "1990.06.01"]
[SourceVersion "1"]
[SourceVersionDate "1990.06.01"]
[SourceQuality "1"]

1. e4 e5 2. Nf3 Nc6 3. Bb5 a6 4. Ba4 Nf6 5. O-O Be7 6. Re1 b5 7. Bb3 d6 8. c3
O-O 9. d4 Bg4 10. d5 Na5 11. Bc2 Qc8 12. h3 Bd7 13. Nbd2 c6 14. b4 Nb7 15. dxc6
Qxc6 $1 (15... Bxc6 16. Nf1 Re8 17. Ng3 $14 {Van der Wiel - Ivan Sokolov,
Haninge 1989}) 16. Bb2 a5 17. a3 Nd8 18. Rc1 Ne6 19. g3 Rfc8 20. Bd3 Qb7 21.
Nb3 Bd8 22. Rc2 Nf8 23. Kh2 Be6 24. Rd2 Bc4 25. Bb1 a4 26. Nc1 Bb6 27. Nh4 g6
28. Qf3 Qe7 29. Ne2 Ne6 30. Ng1 Rd8 31. Bc1 Ng5 32. Qg2 d5 33. exd5 Nxd5 34. f4
Nxc3 35. Rxe5 Ne6 36. Bc2 Bc7 37. Re1 Rxd2 38. Bxd2 Bd5 39. Qf2 Qf6 40. Ngf3
Bb3 41. Bxb3 axb3 42. Qe3 Nd5 43. Qxb3 Rd8 44. Ng2 Qf5 45. Bc1 Nb6 46. Ne3 Qd3
47. Qxd3 Rxd3 48. Kg2 Nd5 49. Nxd5 Rxd5 50. Bd2 h5 51. h4 Kf8 52. Rc1 Ke7 53.
Kf2 Kd7 54. Bc3 Ke7 55. Ke2 Bb6 56. Ne5 f6 57. Nc6+ Kf7 58. Rd1 Rxd1 59. Kxd1
Nc7 60. Bd4 Bxd4 61. Nxd4 Ke7 62. Kc2 Kd6 63. Kd2 Kd5 64. Kd3 f5 65. Nf3 Ne8
66. Ne5 Nd6 67. Nxg6 Nc4 68. Ne7+ Ke6 69. Nc6 Kd5 70. Nd4 Nd6 71. Ne2 Nc4 72.
Nc3+ Kc6 73. Kd4 Nxa3 74. Ke5 Nc2 75. Nd5 Ne1 76. Ne7+ Kd7 77. Nxf5 Nd3+ 78.
Kf6 Nxb4 79. Nd4 Nd5+ 80. Kg6 b4 81. Kxh5 Ne7 82. Kg5 Nc6 83. Nxc6 1-0